Análisis del funcionamiento de una lavadora de maíz industrial y selección de una alternativa para reducir el consumo de agua y la contaminación producida
Uloženo v:
| Hlavní autor: | |
|---|---|
| Médium: | Kniha |
| Vydáno: |
San José, C.R.
2005
|
| Témata: | |
| Tagy: |
Přidat tag
Žádné tagy, Buďte první, kdo vytvoří štítek k tomuto záznamu!
|
MARC
| LEADER | 00000nam a2200000Ia 4500 | ||
|---|---|---|---|
| 003 | 009628 | ||
| 005 | 20221231144126.0 | ||
| 008 | 140114s2005 cr a m 000 ||s d | ||
| 040 | |c cru CEDI | ||
| 090 | |a TFG 5167 | ||
| 100 | |a Meléndez Esquivel, José |9 5804 | ||
| 245 | |a Análisis del funcionamiento de una lavadora de maíz industrial y selección de una alternativa para reducir el consumo de agua y la contaminación producida | ||
| 260 | |c 2005 |a San José, C.R. | ||
| 300 | |a v, 99 hojas : ilustraciones (algunas a color) | ||
| 500 | |a Proyecto de graduación (licenciatura en ingeniería química)--Universidad de Costa Rica. Facultad de Ingeniería. Escuela de Ingeniería Química | ||
| 650 | |x MAIZ |x PROCESAMIENTO DE ALIMENTOS |x PROCESOS DE MANUFACTURA |x CONTAMINACION INDUSTRIAL |x ASPECTOS AMBIENTALES |x PREVENCION Y CONTROL |x RESIDUOS SOLIDOS |x GESTION AMBIENTAL |9 5805 | ||
| 942 | |c TFG | ||
| 999 | |c 17256 |d 17256 | ||
